000 00419nam a2200169Ia 4500
008 220531s9999 xx 000 0 und d
041 _aeng
082 _bDEV
100 _aDevi, Jyotirmoyee
_938689
245 _aRiver Churning : A Partition Of Novel
260 _bKali for women
_c1995
300 _a133
542 _d23-06-1998
650 _aSociology
_938690
906 _d1998-1999
_f6000
999 _c23407
_d23407